"Boże, coś Polskę" tekst - Statystyki

Ogólne statystyki
  • Ten quiz został rozwiązany 29 razy
  • Średni wynik to 89 z 163
Statystyki odpowiedzi
Tekst % Poprawnych
Boże,
100%
Boże
100%
coś
100%
Coś
100%
i
100%
I
100%
liczne
100%
Polskę
100%
przez
100%
tak
100%
W
100%
wieki
100%
chwały
88%
Otaczał
88%
potęgi
88%
z
83%
błaganie:
79%
blaskiem
79%
ojczyznę
79%
Ojczyznę
79%
ołtarze
79%
Panie!
79%
Twe
79%
za
79%
zanosim
79%
pobłogosław,
75%
Przed
75%
wolną
75%
a
71%
opieki
71%
67%
Swej
67%
które
63%
miały
63%
nieszczęść
63%
od
63%
tarczą
63%
osłaniał
54%
na
50%
przygnębić
46%
Ty,
33%
jej
25%
któryś
25%
najświętszą
25%
nas
25%
potem
25%
sprawę,
25%
tknięty
25%
upadkiem
25%
walczących
25%
Wróć
25%
pomnażał
21%
samych
21%
sławę
21%
Wspierał
21%
cały
17%
chcąc
17%
męstwa
17%
mieć
17%
nieszczęściach
17%
świadkiem
17%
świat
17%
Biały
13%
ich
13%
Orzeł
13%
Polsce
13%
krąży!
8%
Polska,
8%
starożytną
8%
chorąży
4%
głową
4%
grobu
4%
łany
4%
narodów
4%
Niech
4%
nowo
4%
Pierzchnęły
4%
pokój
4%
ponad
4%
Powstała
4%
Przestań
4%
słowo
4%
straże,
4%
świetność
4%
swobodnie
4%
szczęście,
4%
władne
4%
wolności
4%
zagniewany
4%
zakwitną
4%
Znowu
4%
biednej
0%
karać,
0%
pola,
0%
spustoszałe
0%
Użyźniaj
0%
Nie znaleziono quizów pasujących do podanych kryteriów
Rozkład punktacji
Procent ludzi z każdym wynikiem
Percentyl według liczby udzielonych odpowiedzi
Twoja historia wyników
Nie rozwiązałeś tego quizu